| 000 | 01064nam a2200253Ia 4500 | ||
|---|---|---|---|
| 003 | GCL | ||
| 005 | 20240530103115.0 | ||
| 008 | 140319s9999 xx 000 0 ara d | ||
| 040 |
_aGCL / _cGCL |
||
| 082 | 0 | 4 |
_a953.071 _bل ر |
| 100 | 1 | _aلسان الدين بن الخطيب : لسان الدين ابو عبد الله محمد بن عبد الله بن سعيد السليماني الغرناطي | |
| 245 | 1 | 0 |
_aريحانة الكتاب ونجعة المنتاب / _cلسان الدين بن الخطيب : لسان الدين ابو عبد الله محمد بن عبد الله بن سعيد السليماني الغرناطي |
| 250 | _aالاولى | ||
| 260 |
_aالقاهرة : _bمكتبة الخانجى ، _c1981 |
||
| 300 |
_aمتعدد الترقيم ؛ _c25 سم |
||
| 650 | 0 | 4 | _aالاحوال السياسية |
| 650 | 0 | 4 | _aالاندلس |
| 650 | 0 | 4 | _aالمغرب |
| 650 | 0 | 4 | _aالتاريخ |
| 650 | 0 | 4 | _aالمرسلات |
| 700 | 1 | _aمحمد عبدالله | |
| 700 | 1 | _aبن سعيد الغرناطى | |
| 942 |
_2ddc _cBK |
||
| 999 |
_c36874 _d36874 |
||